[Event "FIN-chT 2324"]
[Site "Finland"]
[Date "2023.09.24"]
[Round "2.6"]
[White "Rehn, Ralf"]
[Black "Salonen, Mikko"]
[Result "1/2-1/2"]
[WhiteElo "2108"]
[BlackElo "2085"]
[PlyCount "197"]
[EventDate "2023.09.23"]
[EventType "team-tourn"]
[EventRounds "12"]
[EventCountry "FIN"]
[SourceTitle "EXT 2024"]
[Source "ChessBase"]
[SourceDate "2023.10.10"]
[SourceVersion "1"]
[SourceVersionDate "2023.10.10"]
[SourceQuality "1"]
[WhiteTeam "Salo SalSK"]
[BlackTeam "Vammala SK"]
[WhiteTeamCountry "FIN"]
[BlackTeamCountry "FIN"]

1. e4 e5 2. Nf3 Nc6 3. Bc4 Bc5 4. 0-0 d6 5. c3 Nf6 6. b4 Bb6 7. d3 h6 8. a4 a5 9. Be3 Bxe3 10. fxe3 axb4 11. cxb4 0-0 12. Qb3 Qe7 13. Nc3 Be6 14. Nd5 Bxd5 15. exd5 Nd8 16. Nh4 g6 17. Qd1 Kg7 18. a5 Nh7 19. Qg4 Ng5 20. e4 c6 21. Qg3 cxd5 22. Bxd5 Nc6 23. Bxc6 bxc6 24. Rfb1 Rfb8 25. Qe1 Ne6 26. Nf3 Rb5 27. Qc3 c5 28. bxc5 Rxc5 29. Qb4 Rc2 30. Ne1 Re2 31. Kf1 Nd4 32. Nf3 Qf6 33. Qxd4 exd4 34. Kxe2 d5 35. e5 Qf4 36. Rb3 Rc8 37. Kf1 Rc2 38. Kg1 Qe3+ 39. Kh1 Rc1+ 40. Rxc1 Qxc1+ 41. Ng1 Qc5 42. Rb7 Qxa5 43. e6 Qa6 44. Rxf7+ Kg8 45. Rf6 Qd6 46. Rxg6+ Kh7 47. Rg4 Qxe6 48. Rxd4 Qc6 49. Rg4 Qc8 50. h3 Qc1 51. Rg3 Qd1 52. Kh2 Qd2 53. Rf3 Qc2 54. Kg3 Qd2 55. Kh2 Qc2 56. h4 Qc7+ 57. Kh3 Qc1 58. Ne2 Qh1+ 59. Kg3 Qe1+ 60. Rf2 Kg8 61. Nf4 d4 62. Nh3 Kh7 63. Nf4 Kg8 64. Ne2 Kh7 65. Nxd4 Qe3+ 66. Nf3 Qxd3 67. Rd2 Qf5 68. Rd4 Qc5 69. Kf4 Qc1+ 70. Kg3 Qc5 71. Kh3 Qf5+ 72. Kh2 Qc5 73. g4 Qc1 74. Kg3 Qc3 75. Kf4 Qc2 76. Rd7+ Kg8 77. h5 Kf8 78. Ne5 Kg8 79. Rd6 Kh7 80. Rc6 Qf2+ 81. Ke4 Qf1 82. Kd5 Qf2 83. Rc7+ Kg8 84. Ke6 Qe3 85. Rc6 Kg7 86. Rc7+ Kg8 87. Rf7 Qd2 88. Rf5 Kg7 89. Rf7+ Kg8 90. Rf3 Kg7 91. Rd3 Qc1 92. Rd8 Qe3 93. Rd6 Qc1 94. Kd7 Qf4 95. Rg6+ Kh7 96. Ke6 Qf1 97. Rf6 Qa6+ 98. Ke7 Qb7+ 99. Ke6 1/2-1/2

[Event "FIN-chT 2223"]
[Site "Finland"]
[Date "2022.09.25"]
[Round "2.7"]
[White "Rehn, Ralf"]
[Black "Hart, Alexander E"]
[Result "1-0"]
[WhiteElo "2140"]
[BlackElo "2003"]
[PlyCount "93"]
[EventDate "2022.09.24"]
[EventType "team-tourn"]
[EventRounds "11"]
[EventCountry "FIN"]
[SourceTitle "CBM 210 Extra"]
[Source "ChessBase"]
[SourceDate "2022.11.30"]
[SourceVersion "1"]
[SourceVersionDate "2022.11.30"]
[SourceQuality "1"]
[WhiteTeam "Salo SalSK"]
[BlackTeam "Raahe Li"]
[WhiteTeamCountry "FIN"]
[BlackTeamCountry "FIN"]

1. e4 c6 2. Nf3 d5 3. e5 c5 4. Bb5+ Nc6 5. d4 Bg4 6. dxc5 e6 7. Bxc6+ bxc6 8. Qd4 Bxf3 9. gxf3 Ne7 10. b4 Nf5 11. Qd3 Qh4 12. c3 a5 13. Ba3 axb4 14. Bxb4 Qf4 15. a4 Nh4 16. Nd2 Qxe5+ 17. Kd1 Ng2 18. Nb3 Nf4 19. Qe3 Qf5 20. Nd4 Qd3+ 21. Qxd3 Nxd3 22. Ke2 Nf4+ 23. Ke3 Ng2+ 24. Kd3 Nf4+ 25. Ke3 Ng2+ 26. Kd3 Kd7 27. Rhg1 Nf4+ 28. Ke3 e5 29. Nb3 g6 30. Kd2 Ne6 31. Rgb1 Be7 32. Ba5 Bxc5 33. Nxc5+ Nxc5 34. Bb6 Nxa4 35. Be3 Nb2 36. Bc5 Nc4+ 37. Ke2 Rxa1 38. Rxa1 Rb8 39. Ra7+ Ke6 40. Re7+ Kf6 41. Rc7 Rb2+ 42. Kf1 Nd2+ 43. Kg2 Rc2 44. Rxc6+ Kf5 45. Be7 e4 46. Rf6+ Ke5 47. f4# 1-0

[Event "FIN-chT 2223"]
[Site "Finland"]
[Date "2022.09.24"]
[Round "1.7"]
[White "Rehn, Ralf"]
[Black "Hamalainen, Sami"]
[Result "1/2-1/2"]
[WhiteElo "2140"]
[BlackElo "2126"]
[PlyCount "83"]
[EventDate "2022.09.24"]
[EventType "team-tourn"]
[EventRounds "11"]
[EventCountry "FIN"]
[SourceTitle "CBM 210 Extra"]
[Source "ChessBase"]
[SourceDate "2022.11.30"]
[SourceVersion "1"]
[SourceVersionDate "2022.11.30"]
[SourceQuality "1"]
[WhiteTeam "Salo SalSK"]
[BlackTeam "Jyvaskyla JyS"]
[WhiteTeamCountry "FIN"]
[BlackTeamCountry "FIN"]

1. e4 c5 2. Nf3 d6 3. Bc4 Nc6 4. 0-0 Nf6 5. Re1 Bg4 6. c3 e5 7. d3 Qd7 8. Nbd2 Be7 9. Nf1 Na5 10. h3 Nxc4 11. hxg4 Nb6 12. g5 Nh5 13. d4 Rd8 14. a4 exd4 15. a5 Na8 16. cxd4 g6 17. Be3 Qb5 18. Qc2 0-0 19. dxc5 dxc5 20. e5 Nc7 21. Qe4 Ng7 22. N1h2 Nd5 23. Ng4 Qb4 24. Nh6+ Kh8 25. Bd2 Qxe4 26. Rxe4 Ne6 27. Kh2 Kg7 28. Ng4 Rd7 29. Kg3 Rfd8 30. Rh1 Ndc7 31. Nf6 Bxf6 32. gxf6+ Kg8 33. Bh6 Nd4 34. Nxd4 Rxd4 35. Rxd4 Rxd4 36. Be3 Rd5 37. f4 Rd3 38. Kf2 Ne6 39. Rc1 b6 40. axb6 axb6 41. g3 Rb3 42. Ra1 1/2-1/2

[Event "FIN-chT 2022"]
[Site "Finland"]
[Date "2022.05.22"]
[Round "11.6"]
[White "Kauko, Jussi Matti"]
[Black "Rehn, Ralf"]
[Result "1/2-1/2"]
[WhiteElo "2256"]
[BlackElo "2132"]
[PlyCount "82"]
[EventDate "2020.09.12"]
[EventType "team-tourn"]
[EventRounds "11"]
[EventCountry "FIN"]
[SourceTitle "EXT 2023"]
[Source "ChessBase"]
[SourceDate "2022.10.05"]
[SourceVersion "1"]
[SourceVersionDate "2022.10.05"]
[SourceQuality "1"]
[WhiteTeam "Sastamala VammSK"]
[BlackTeam "Salo SalSK"]
[WhiteTeamCountry "FIN"]
[BlackTeamCountry "FIN"]

1. c4 e6 2. g3 f5 3. Bg2 Nf6 4. Nf3 c6 5. 0-0 d5 6. d3 Bd6 7. Nc3 Nbd7 8. e4 0-0 9. cxd5 cxd5 10. Nd4 Nb6 11. exd5 Nbxd5 12. Nxd5 Nxd5 13. Qb3 Kh8 14. Bd2 Be5 15. Nf3 Bf6 16. d4 b6 17. Rfe1 Qd6 18. Bg5 Bb7 19. Rac1 Rae8 20. a3 Ba8 21. Re2 h6 22. Bxf6 Nxf6 23. Ne5 Kh7 24. Bxa8 Rxa8 25. Qb4 Rfd8 26. Qxd6 Rxd6 27. Rc7 Nd5 28. Rb7 a5 29. Rc2 Rdd8 30. Rc6 Re8 31. Nc4 Rad8 32. Nxb6 Nxb6 33. Rbxb6 e5 34. dxe5 Rd1+ 35. Kg2 Rxe5 36. Rc2 f4 37. Rb7 Rf5 38. gxf4 Rxf4 39. Rb3 h5 40. h3 h4 41. Rb5 a4 1/2-1/2

[Event "Helsinki MatSK op"]
[Site "Helsinki"]
[Date "2020.02.21"]
[Round "3"]
[White "Rehn, Ralf"]
[Black "Karttinen, Risto"]
[Result "1-0"]
[WhiteElo "2144"]
[BlackElo "1909"]
[PlyCount "71"]
[EventDate "2020.02.21"]
[EventType "swiss"]
[EventRounds "7"]
[EventCountry "FIN"]
[SourceTitle "CBM 195 Extra"]
[Source "ChessBase"]
[SourceDate "2020.05.31"]
[SourceVersion "1"]
[SourceVersionDate "2020.05.31"]
[SourceQuality "1"]

1. e4 d6 2. Bc4 Nf6 3. Nc3 g6 4. Nf3 Bg7 5. 0-0 0-0 6. d3 c5 7. Bg5 Nc6 8. Qd2 Bg4 9. Nh4 Nd4 10. f3 Be6 11. Nd1 b5 12. Bxe6 Nxe6 13. Bh6 Qb6 14. Bxg7 Kxg7 15. f4 c4+ 16. Qe3 Nd4 17. dxc4 Ng4 18. Qc3 b4 19. c5 dxc5 20. Qc4 Rac8 21. Nf3 Nxf3+ 22. Rxf3 Rfd8 23. h3 Rd4 24. Qe2 c4 25. Kh1 Nf6 26. e5 Nd5 27. f5 Rd8 28. Nf2 Nf4 29. Qe3 Nd5 30. Qg5 f6 31. Qg3 Rd7 32. Ng4 Nc7 33. Raf1 h5 34. Nxf6 exf6 35. Qxg6+ Kh8 36. Rg3 1-0

[Event "Heart of Finland op 29th"]
[Site "Jyvaskyla"]
[Date "2019.07.19"]
[Round "7"]
[White "Rehn, Ralf"]
[Black "Wilen, Eero"]
[Result "1/2-1/2"]
[WhiteElo "2161"]
[BlackElo "1985"]
[PlyCount "132"]
[EventDate "2019.07.15"]
[EventType "swiss"]
[EventRounds "9"]
[EventCountry "FIN"]
[SourceTitle "EXT 2021"]
[Source "ChessBase"]
[SourceDate "2020.10.23"]
[SourceVersion "1"]
[SourceVersionDate "2020.10.23"]
[SourceQuality "1"]

1. d4 Nf6 2. Bf4 g6 3. e3 d6 4. Nf3 Bg7 5. Nbd2 0-0 6. Be2 Nc6 7. c4 Nd7 8. 0-0 e5 9. dxe5 Ndxe5 10. Nd4 Nxd4 11. exd4 Nc6 12. Nb3 Qf6 13. Be3 h6 14. d5 Ne5 15. f4 Nd7 16. Bd4 Qh4 17. Bxg7 Kxg7 18. Nd4 a6 19. b4 Nf6 20. g3 Qh3 21. Bf3 Bg4 22. Qd3 Rfe8 23. Rae1 Bd7 24. Qc3 Rxe1 25. Rxe1 Re8 26. c5 Rxe1+ 27. Qxe1 Ng4 28. Qe2 h5 29. c6 bxc6 30. dxc6 Bc8 31. a4 h4 32. Bxg4 Bxg4 33. Qg2 Qxg2+ 34. Kxg2 Bc8 35. gxh4 Kf6 36. Kf3 d5 37. b5 Ke7 38. bxa6 Bxa6 39. f5 Kd6 40. fxg6 fxg6 41. Kf4 Bf1 42. Nf3 Kxc6 43. Ne5+ Kc5 44. Nxg6 Be2 45. Ke3 Bg4 46. Nf4 Bf5 47. h5 d4+ 48. Kd2 Kb4 49. h6 c5 50. Ne6 d3 51. Nf4 c4 52. Nd5+ Kxa4 53. Kc3 Kb5 54. Nf6 Kc5 55. h7 Bxh7 56. Nxh7 Kd5 57. Ng5 Ke5 58. Nh3 Ke4 59. Nf2+ Kf3 60. Kd2 Kf4 61. Nd1 Kg4 62. Ne3+ Kh3 63. Nf1 Kh4 64. Kc3 Kh3 65. Kd2 Kh4 66. Ke3 Kh3 1/2-1/2

[Event "FIN-chT 1819"]
[Site "Finland"]
[Date "2019.04.05"]
[Round "9.7"]
[White "Rehn, Ralf"]
[Black "Paasikangas Tella, Johanna"]
[Result "0-1"]
[WhiteElo "2176"]
[BlackElo "2220"]
[PlyCount "122"]
[EventDate "2018.09.15"]
[EventType "team-tourn"]
[EventRounds "11"]
[EventCountry "FIN"]
[SourceTitle "CBM 189 Extra"]
[Source "ChessBase"]
[SourceDate "2019.06.03"]
[SourceVersion "1"]
[SourceVersionDate "2019.06.03"]
[SourceQuality "1"]
[WhiteTeam "Salo SalSK"]
[BlackTeam "Vantaa EtVaS"]
[WhiteTeamCountry "FIN"]
[BlackTeamCountry "FIN"]

1. Nf3 g6 2. d4 Bg7 3. e4 d6 4. h3 h5 5. Bc4 c6 6. Nc3 b5 7. Nxb5 d5 8. Bb3 dxe4 9. Ng5 Nh6 10. Nc3 Qxd4 11. Ngxe4 Qxd1+ 12. Nxd1 Ba6 13. Nc5 Nf5 14. Nc3 Nd4 15. Be3 Nxb3 16. axb3 Bc8 17. N3a4 Na6 18. c3 Nc7 19. 0-0 0-0 20. Rfd1 Bf5 21. Nd7 Rfd8 22. Ndc5 Nd5 23. Nb7 Rdb8 24. Na5 Bc2 25. Re1 Bxb3 26. Nxc6 Rc8 27. Nxa7 Nxe3 28. Nb6 Nc2 29. Nbxc8 Nxe1 30. Rxe1 e6 31. Nc6 Bf6 32. N8a7 Bd5 33. Rc1 Bg5 34. Rd1 Bf6 35. Rc1 Bc4 36. b4 Kf8 37. b5 Bd8 38. Rd1 Bb6 39. Rd7 Bd5 40. h4 Bc5 41. c4 Ke8 42. Ne5 Bxa7 43. cxd5 Bd4 44. dxe6 Ra1+ 45. Kh2 Bxe5+ 46. g3 fxe6 47. Rd3 Ra2 48. Kg2 Ke7 49. Kf3 Rb2 50. Ke4 Rxb5 51. Ra3 Bd6 52. Ra2 Kf6 53. Rd2 Re5+ 54. Kf3 Rd5 55. Ra2 Bc5 56. Ke4 Rf5 57. f4 Rd5 58. Rc2 Rd4+ 59. Kf3 Rd3+ 60. Kg2 Bb4 61. Rc8 Be1 0-1

[Event "Salo SalSK op"]
[Site "Salo"]
[Date "2019.02.16"]
[Round "2"]
[White "Kivimaki, Kasper"]
[Black "Rehn, Ralf"]
[Result "0-1"]
[WhiteElo "2048"]
[BlackElo "2208"]
[PlyCount "56"]
[EventDate "2019.02.15"]
[EventType "swiss"]
[EventRounds "5"]
[EventCountry "FIN"]
[SourceTitle "EXT 2021"]
[Source "ChessBase"]
[SourceDate "2020.10.23"]
[SourceVersion "1"]
[SourceVersionDate "2020.10.23"]
[SourceQuality "1"]

1. e4 d5 2. exd5 Qxd5 3. Nc3 Qd6 4. d4 Nf6 5. Nf3 Bf5 6. Bc4 e6 7. 0-0 c6 8. Ne5 Be7 9. Bf4 Qd8 10. Qd2 0-0 11. Rad1 Bb4 12. Bg5 Bxc3 13. bxc3 Ne4 14. Bxd8 Nxd2 15. Rxd2 Rxd8 16. Rb1 Nd7 17. Nxd7 Rxd7 18. f3 h5 19. a4 e5 20. Re1 exd4 21. cxd4 Kf8 22. Re5 Bg6 23. Kf2 Rad8 24. c3 f6 25. Rc5 Rd6 26. a5 b6 27. Bd3 bxc5 28. Bxg6 cxd4 0-1

[Event "Salo SalSK op"]
[Site "Salo"]
[Date "2019.02.15"]
[Round "1"]
[White "Rehn, Ralf"]
[Black "Piho, Juha"]
[Result "1-0"]
[WhiteElo "2208"]
[BlackElo "1936"]
[PlyCount "91"]
[EventDate "2019.02.15"]
[EventType "swiss"]
[EventRounds "5"]
[EventCountry "FIN"]
[SourceTitle "EXT 2021"]
[Source "ChessBase"]
[SourceDate "2020.10.23"]
[SourceVersion "1"]
[SourceVersionDate "2020.10.23"]
[SourceQuality "1"]

1. e4 d6 2. Bc4 Nf6 3. d3 e5 4. Ne2 Be7 5. 0-0 0-0 6. Bg5 c6 7. Nbc3 b5 8. Bxf6 bxc4 9. Bxe7 Qxe7 10. dxc4 Na6 11. Qd2 Be6 12. b3 Rad8 13. Ng3 Rd7 14. Rad1 Rfd8 15. Na4 g6 16. Qa5 Nc7 17. Rfe1 h5 18. Nf1 h4 19. Qc3 f6 20. Qe3 Kg7 21. Qxa7 Nd5 22. Qxd7 Bxd7 23. cxd5 cxd5 24. Rxd5 f5 25. Red1 Bxa4 26. bxa4 f4 27. R1d3 Qc7 28. c3 Qc4 29. Nd2 Qxa4 30. h3 Qxa2 31. c4 Qc2 32. Kh2 Ra8 33. Rxd6 Ra1 34. Rd7+ Kh6 35. Nf3 Qxf2 36. Rd1 Ra2 37. R7d2 Rxd2 38. Rxd2 Qe3 39. Rd7 Qf2 40. Re7 Qc5 41. Rxe5 Qxc4 42. Re7 Qc5 43. Rd7 Qc6 44. Rf7 g5 45. e5 Qe6 46. Rf6+ 1-0

[Event "FIN-chT 1819"]
[Site "Finland"]
[Date "2018.12.08"]
[Round "5.7"]
[White "Rehn, Ralf"]
[Black "Galchenko, Vadim"]
[Result "1-0"]
[WhiteElo "2176"]
[BlackElo "2123"]
[PlyCount "79"]
[EventDate "2018.09.15"]
[EventType "team-tourn"]
[EventRounds "11"]
[EventCountry "FIN"]
[SourceTitle "CBM 187 Extra"]
[Source "ChessBase"]
[SourceDate "2018.11.04"]
[SourceVersion "1"]
[SourceVersionDate "2018.11.04"]
[SourceQuality "1"]
[WhiteTeam "Salo SalSK"]
[BlackTeam "Jyvaskyla JyS"]
[WhiteTeamCountry "FIN"]
[BlackTeamCountry "FIN"]

1. e4 e6 2. c4 d5 3. cxd5 exd5 4. e5 Bf5 5. Nf3 c6 6. d4 Na6 7. Bd3 Bg6 8. 0-0 Nc7 9. Nc3 Ne6 10. Ne2 Ne7 11. Ng3 Qb6 12. Be3 h5 13. Nh4 Bxd3 14. Qxd3 g6 15. Ne2 0-0-0 16. Rfc1 Kb8 17. a4 Bh6 18. a5 Qc7 19. b4 Qd7 20. b5 cxb5 21. a6 b6 22. Bxh6 Rxh6 23. Rab1 Nc7 24. Nc3 g5 25. Nf3 g4 26. Ng5 Nc6 27. Qe3 Rg6 28. Qf4 b4 29. Ne2 Rf8 30. e6 Qe8 31. Rxc6 Qxc6 32. Rc1 Qxc1+ 33. Nxc1 Re8 34. Nd3 fxe6 35. Nxb4 e5 36. dxe5 Reg8 37. Nf7 Ne6 38. Qf5 Nc7 39. Qd7 Rc8 40. Nd6 1-0

[Event "Salo We SalSK syksy"]
[Site "Salo"]
[Date "2018.10.13"]
[Round "2"]
[White "Rehn, Ralf"]
[Black "Olander, Aleksi"]
[Result "1-0"]
[WhiteElo "2167"]
[BlackElo "2056"]
[PlyCount "59"]
[EventDate "2018.10.12"]
[EventType "swiss"]
[EventRounds "5"]
[EventCountry "FIN"]
[SourceTitle "EXT 2022"]
[Source "ChessBase"]
[SourceDate "2021.10.06"]
[SourceVersion "1"]
[SourceVersionDate "2021.10.06"]
[SourceQuality "1"]

1. e4 c5 2. Nf3 Nc6 3. d4 cxd4 4. Nxd4 e5 5. Nb5 d6 6. N1c3 a6 7. Na3 Be6 8. Nd5 Nge7 9. Nc4 Bxd5 10. exd5 Nd4 11. c3 Ndf5 12. g4 Nh4 13. a4 Neg6 14. a5 Qf6 15. Qa4+ Ke7 16. Nb6 Rd8 17. Qc4 Ke8 18. Qa4+ Ke7 19. Be3 h5 20. 0-0-0 hxg4 21. Qxg4 Qf5 22. Qc4 Qf3 23. Qc7+ Ke8 24. Qxb7 Be7 25. Bxa6 Nf5 26. Bb5+ Kf8 27. a6 Nxe3 28. fxe3 Qxe3+ 29. Kb1 Qc5 30. Nd7+ 1-0

[Event "Naantali Avoin op"]
[Site "Naantali"]
[Date "2018.07.05"]
[Round "5"]
[White "Rehn, Ralf"]
[Black "Tuominen, Tanja"]
[Result "1-0"]
[WhiteElo "2172"]
[BlackElo "2059"]
[PlyCount "111"]
[EventDate "2018.07.02"]
[EventType "swiss"]
[EventRounds "9"]
[EventCountry "FIN"]
[SourceTitle "EXT 2019"]
[Source "ChessBase"]
[SourceDate "2018.10.10"]
[SourceVersion "1"]
[SourceVersionDate "2018.10.10"]
[SourceQuality "1"]

1. e3 e5 2. c4 c6 3. b3 d5 4. Bb2 Bd6 5. cxd5 cxd5 6. Nc3 Nf6 7. Nb5 Nc6 8. Nxd6+ Qxd6 9. Nf3 e4 10. Nd4 0-0 11. Nb5 Qd8 12. Be2 Be6 13. 0-0 a6 14. Nd4 Nxd4 15. Bxd4 Nd7 16. f4 exf3 17. Rxf3 f6 18. Rg3 Ne5 19. Bc5 Re8 20. d4 Nf7 21. Bd3 Ng5 22. Rxg5 fxg5 23. Qh5 g6 24. Bxg6 Re7 25. Rf1 Rg7 26. Bxh7+ Rxh7 27. Qg6+ Kh8 28. Qxe6 Qg8 29. Qe5+ Qg7 30. Rf6 Rc8 31. Qf5 Re8 32. Bd6 Rh6 33. Be5 Kg8 34. Rxh6 Qxh6 35. Qd7 Qg6 36. Qxd5+ Qf7 37. Qe4 Rf8 38. h3 Qf1+ 39. Kh2 Qf7 40. Qg4 Qg6 41. Bf4 Rf5 42. h4 Kf7 43. Bxg5 b5 44. Qe2 Qd6+ 45. Bf4 Qe7 46. Qg4 Qe4 47. h5 Rf6 48. Qd7+ Kg8 49. Qg4+ Kh7 50. Qg5 Rf5 51. Qg6+ Kh8 52. Be5+ Rxe5 53. Qf6+ Kh7 54. dxe5 Qxe3 55. h6 Qa7 56. Qg7+ 1-0

[Event "Helsinki We EtVaS A"]
[Site "Helsinki"]
[Date "2018.05.06"]
[Round "4"]
[White "Rehn, Ralf"]
[Black "Sammalvuo, Tapani"]
[Result "0-1"]
[WhiteElo "2176"]
[BlackElo "2437"]
[PlyCount "84"]
[EventDate "2018.05.04"]
[EventType "swiss"]
[EventRounds "5"]
[EventCountry "FIN"]
[SourceTitle "EXT 2022"]
[Source "ChessBase"]
[SourceDate "2021.10.06"]
[SourceVersion "1"]
[SourceVersionDate "2021.10.06"]
[SourceQuality "1"]

1. Nf3 Nf6 2. c4 e6 3. e3 b6 4. Nc3 Bb7 5. Qc2 c5 6. d3 Nc6 7. a3 Be7 8. Be2 0-0 9. 0-0 d5 10. b3 d4 11. exd4 Nxd4 12. Nxd4 Qxd4 13. Be3 Qh4 14. f4 Ng4 15. Bxg4 Qxg4 16. Ne4 Rad8 17. Rf3 Qf5 18. Rff1 Qg6 19. Rad1 Rd7 20. Rd2 Rfd8 21. Rfd1 f5 22. Ng3 Qg4 23. Rf1 Bf6 24. b4 h5 25. bxc5 h4 26. cxb6 hxg3 27. h3 Qh4 28. c5 Bc6 29. Qc4 Bd5 30. Qb5 axb6 31. c6 Rc7 32. Rc1 Rdc8 33. Rdc2 g5 34. Qb4 gxf4 35. Bxf4 Be7 36. Qd2 Rxc6 37. Rxc6 Rxc6 38. Rxc6 Bxc6 39. Qe3 Kf7 40. Qe5 Qh5 41. Bxg3 Qd1+ 42. Kh2 Qc2 0-1

[Event "Helsinki We EtVaS A"]
[Site "Helsinki"]
[Date "2018.05.04"]
[Round "1"]
[White "Rehn, Ralf"]
[Black "Luukkonen, Tommi"]
[Result "1/2-1/2"]
[WhiteElo "2176"]
[BlackElo "2375"]
[PlyCount "131"]
[EventDate "2018.05.04"]
[EventType "swiss"]
[EventRounds "5"]
[EventCountry "FIN"]
[SourceTitle "EXT 2022"]
[Source "ChessBase"]
[SourceDate "2021.10.06"]
[SourceVersion "1"]
[SourceVersionDate "2021.10.06"]
[SourceQuality "1"]

1. Nf3 Nf6 2. b3 g6 3. Bb2 Bg7 4. e3 0-0 5. Be2 d6 6. d4 c5 7. 0-0 cxd4 8. exd4 a5 9. a4 Nd5 10. Qd2 e6 11. Na3 Nc6 12. Rad1 Re8 13. Rfe1 h6 14. Bb5 Nc7 15. c4 Nxb5 16. Nxb5 Na7 17. Nc3 b6 18. Ba3 Bb7 19. Qf4 Nc8 20. Nb5 Bf8 21. c5 g5 22. Qg3 f5 23. cxd6 f4 24. Qg4 Nxd6 25. Bxd6 Bxd6 26. Rxe6 Bf8 27. Rxe8 Qxe8 28. Ne5 Rc8 29. h4 Bd5 30. hxg5 h5 31. Qh3 f3 32. gxf3 Bxb3 33. Re1 Bxa4 34. g6 Bxb5 35. Qxh5 Rc7 36. Re4 Qe6 37. Nf7 Rc1+ 38. Kg2 Bf1+ 39. Kg3 Bd6+ 40. Nxd6 Qxd6+ 41. Re5 Rc7 42. f4 Re7 43. Rxe7 Qxe7 44. d5 Be2 45. f3 Bd3 46. d6 Qe1+ 47. Kh2 Qf2+ 48. Kh1 Qe1+ 49. Kh2 Qd2+ 50. Kg3 Qe1+ 51. Kh2 Qe2+ 52. Kg3 Bc4 53. Qh7+ Kf8 54. g7+ Ke8 55. g8Q+ Bxg8 56. Qxg8+ Kd7 57. Qb8 Qe1+ 58. Kg4 Qe6+ 59. f5 Qxd6 60. Qb7+ Ke8 61. f4 Qd1+ 62. Kg5 Qg1+ 63. Kf6 Qd4+ 64. Kg5 Qg1+ 65. Kf6 Qd4+ 66. Kg5 1/2-1/2

[Event "FIN-chT 1718"]
[Site "Finland"]
[Date "2018.03.09"]
[Round "9.6"]
[White "Rehn, Ralf"]
[Black "Nivala, Tuomas"]
[Result "0-1"]
[WhiteElo "2158"]
[BlackElo "2224"]
[PlyCount "138"]
[EventDate "2017.09.16"]
[EventType "team-tourn"]
[EventRounds "11"]
[EventCountry "FIN"]
[SourceTitle "EXT 2019"]
[Source "ChessBase"]
[SourceDate "2018.10.10"]
[SourceVersion "1"]
[SourceVersionDate "2018.10.10"]
[SourceQuality "1"]
[WhiteTeam "Salo SalSK"]
[BlackTeam "Jyvaskyla JyS"]
[WhiteTeamCountry "FIN"]
[BlackTeamCountry "FIN"]

1. Nf3 d5 2. b4 Nf6 3. Bb2 g6 4. e3 Bg7 5. Be2 0-0 6. 0-0 Qd6 7. a3 Nbd7 8. d4 Ne4 9. c4 dxc4 10. Qc2 c3 11. Nxc3 Nxc3 12. Bxc3 Nb6 13. b5 c5 14. Rfd1 Be6 15. e4 cxd4 16. Bxd4 Rac8 17. Qd2 Bxd4 18. Nxd4 Bc4 19. Qg5 Bxe2 20. Nxe2 Qc5 21. Qh4 Qxb5 22. Nd4 Qe5 23. Nf3 Qf6 24. Ng5 Qg7 25. Rab1 Rc4 26. Rb4 Rxb4 27. axb4 Rc8 28. Qh3 h6 29. Nf3 Qf8 30. Ne5 Kh7 31. Qe3 Nc4 32. Qf4 Nxe5 33. Qxe5 Qd8 34. Qa1 Qb6 35. Qa2 e6 36. Qb2 Rd8 37. Rxd8 Qxd8 38. g3 Qd6 39. Qc3 a6 40. f4 h5 41. h4 Qd1+ 42. Kf2 b6 43. Ke3 Qg1+ 44. Kf3 Qf1+ 45. Ke3 Qg2 46. Kd4 Qe2 47. Ke5 Qb5+ 48. Kd6 a5 49. bxa5 bxa5 50. Qc7 Kg7 51. Qc3+ Kg8 52. Qc8+ Kg7 53. Qc3+ Kh7 54. Qc7 Qb4+ 55. Kd7 Qxe4 56. Ke8 Qf5 57. Qc3 Kg8 58. Ke7 e5 59. fxe5 Qe6+ 60. Kd8 Qd5+ 61. Ke7 Qb7+ 62. Kf6 Qb6+ 63. Kg5 Qd8+ 64. Kf4 Qd7 65. Kg5 Kh7 66. e6 Qd5+ 67. Kf4 Qf5+ 68. Ke3 Qxe6+ 69. Kf2 a4 0-1

[Event "Helsinki MatSK Weekend"]
[Site "Helsinki"]
[Date "2018.02.25"]
[Round "7"]
[White "Rehn, Ralf"]
[Black "Paasikangas Tella, Johanna"]
[Result "1-0"]
[WhiteElo "2151"]
[BlackElo "2268"]
[PlyCount "50"]
[EventDate "2018.02.23"]
[EventType "swiss"]
[EventRounds "7"]
[EventCountry "FIN"]
[SourceTitle "EXT 2019"]
[Source "ChessBase"]
[SourceDate "2018.10.10"]
[SourceVersion "1"]
[SourceVersionDate "2018.10.10"]
[SourceQuality "1"]

1. Nf3 g6 2. d4 Bg7 3. e4 c5 4. c3 b6 5. dxc5 Bb7 6. cxb6 Bxe4 7. Ng5 Bb7 8. bxa7 Rxa7 9. Be3 Ra5 10. Qb3 Bd5 11. c4 Bc6 12. Be2 Ba4 13. Qb4 Nc6 14. Qd2 Qa8 15. 0-0 Ne5 16. Nc3 Nf6 17. b4 Ra6 18. c5 Ra7 19. b5 h6 20. Nf3 Ne4 21. Nxe4 Qxe4 22. b6 Rb7 23. Nxe5 Qxe5 24. Qa5 Bc6 25. Bd4 Qe4 1-0

[Event "Helsinki MatSK Weekend"]
[Site "Helsinki"]
[Date "2018.02.24"]
[Round "4"]
[White "Rehn, Ralf"]
[Black "Elomaa, Arto"]
[Result "1/2-1/2"]
[WhiteElo "2151"]
[BlackElo "2154"]
[PlyCount "111"]
[EventDate "2018.02.23"]
[EventType "swiss"]
[EventRounds "7"]
[EventCountry "FIN"]
[SourceTitle "EXT 2019"]
[Source "ChessBase"]
[SourceDate "2018.10.10"]
[SourceVersion "1"]
[SourceVersionDate "2018.10.10"]
[SourceQuality "1"]

1. Nf3 d6 2. b4 Bg4 3. e3 Nd7 4. Be2 c6 5. c4 e5 6. Nc3 Be7 7. d4 Ngf6 8. 0-0 0-0 9. h3 Bh5 10. Qb3 Re8 11. a4 e4 12. Nh2 Bxe2 13. Nxe2 d5 14. f3 dxc4 15. Qxc4 Nb6 16. Qb3 Qd5 17. Qxd5 Nbxd5 18. b5 c5 19. Ng4 Nxg4 20. hxg4 cxd4 21. Nxd4 Bf6 22. Ra3 exf3 23. Rxf3 Bxd4 24. exd4 Re1+ 25. Rf1 Re4 26. Raf3 f6 27. g5 Rxd4 28. gxf6 Nxf6 29. Bb2 Rxa4 30. Bxf6 gxf6 31. Rg3+ Kh8 32. Rxf6 Rg8 33. Rd3 Rag4 34. Rf2 R4g5 35. Ra3 Rxb5 36. Rxa7 h6 37. Ra3 Kh7 38. Rh3 Rb6 39. Kh2 Rg7 40. Rd2 Rbg6 41. Rb3 b6 42. Rb5 Rb7 43. g3 Kg7 44. Kg2 Rf6 45. g4 Kf7 46. Kg3 Ke7 47. Kh4 Rd6 48. Rc2 Kd8 49. Rf5 Re7 50. Rf8+ Kd7 51. Rb8 Ree6 52. Rb7+ Ke8 53. Rcc7 Kf8 54. Rf7+ Kg8 55. Rg7+ Kh8 56. Rh7+ 1/2-1/2

[Event "Helsinki MatSK Weekend"]
[Site "Helsinki"]
[Date "2018.02.23"]
[Round "2"]
[White "Rehn, Ralf"]
[Black "Salmelin, Aaro"]
[Result "1-0"]
[WhiteElo "2151"]
[BlackElo "1992"]
[PlyCount "47"]
[EventDate "2018.02.23"]
[EventType "swiss"]
[EventRounds "7"]
[EventCountry "FIN"]
[SourceTitle "EXT 2019"]
[Source "ChessBase"]
[SourceDate "2018.10.10"]
[SourceVersion "1"]
[SourceVersionDate "2018.10.10"]
[SourceQuality "1"]

1. Nf3 Nf6 2. b4 g6 3. Bb2 Bg7 4. e3 d5 5. b5 c5 6. a4 b6 7. Be2 Nbd7 8. 0-0 0-0 9. d4 Bb7 10. Ne5 Qc7 11. f4 Ne4 12. Nd2 Nxd2 13. Qxd2 Nf6 14. Bf3 Rfd8 15. a5 bxa5 16. Qxa5 Qxa5 17. Rxa5 cxd4 18. Bxd4 a6 19. b6 Nd7 20. c4 Bxe5 21. fxe5 e6 22. cxd5 exd5 23. Bxd5 Rab8 24. Bxf7+ 1-0

[Event "Helsinki MatSK Weekend"]
[Site "Helsinki"]
[Date "2018.02.23"]
[Round "3"]
[White "Tuominen, Risto"]
[Black "Rehn, Ralf"]
[Result "1/2-1/2"]
[WhiteElo "2298"]
[BlackElo "2151"]
[PlyCount "34"]
[EventDate "2018.02.23"]
[EventType "swiss"]
[EventRounds "7"]
[EventCountry "FIN"]
[SourceTitle "EXT 2019"]
[Source "ChessBase"]
[SourceDate "2018.10.10"]
[SourceVersion "1"]
[SourceVersionDate "2018.10.10"]
[SourceQuality "1"]

1. Nf3 Nf6 2. c4 g6 3. Nc3 Bg7 4. e4 0-0 5. d4 d6 6. h3 c6 7. Be3 Qc7 8. Rc1 b6 9. Be2 a5 10. 0-0 Ba6 11. a4 Nbd7 12. Re1 e5 13. d5 cxd5 14. Nxd5 Nxd5 15. cxd5 Nc5 16. Bxa6 Rxa6 17. Nd2 Qd7 1/2-1/2